000 00573nam a2200181 i 4500
001 95071
003 ES-MaACL
005 20250417063057.0
007 t|
008 050520s1974 fr ||||1| fre d
100 1 _aLukács, György,
_d1885-1971
_974718
245 1 0 _aEscrits de Moscou
_b: textes inèdites /
_cGeorges Lukács; traduction et introduction de Claude Prèvost.
260 _aParis :
_bEd. Sociales,
_c1974.
300 _a291 p. ;
_c18 cm.
700 0 _aPrévost, Claude.
_993815
852 _aES-MaACL
_jE-10085
_bR.94380
999 _c95071
_d95071